Matematik Oyunları: Uzunluk, Alan ve Hacim Hesapları, Ağırlık ve Zaman Ölçümleri (Kayıt no. 693271)

MARC ayrıntıları
000 -LEADER
sabit uzunluktaki kontrol alanı 00305nam a2200097Ia 4500
001 - KONTROL NUMARASI
kontrol alanı 693271
005 - EN SON İŞLEMİN TARİH VE ZAMANI
kontrol alanı 20250826161911.0
008 - SABİT-UZUNLUKTA VERİ ÖĞELERİ--GENEL BİLGİ
sabit uzunluktaki kontrol alanı 250824s9999 xx 000 0 und d
245 #0 - ESER / YAZAR
ESER ADI Matematik Oyunları: Uzunluk, Alan ve Hacim Hesapları, Ağırlık ve Zaman Ölçümleri
Yazar Adı Andrew King
260 ## - YAYIN, DAĞITIM, VB.
YAYIN EVİ İLETİŞİM
Mevcut
Düşüm durumu Kayıp durumu Hasar Durumu Ödünç verilmez Ana kütüphane Geçerli Kütüphane Edinilen tarih Toplam ödünç verme sayısı Barkod Son görüntüleme tarihi Fiyatın geçerli olmaya başladığı tarih Koha materyal türü
        TÜRK TELEKOM MESLEKİ VE TEKNİK ANADOLU LİSESİ TÜRK TELEKOM MESLEKİ VE TEKNİK ANADOLU LİSESİ 24.08.2025   10191134 26.08.2025 26.08.2025 Kitaplar
Gemini Bilgi Teknolojileri A.Ş. tarafından düzenlenmiştir.